000
00335nam a22001457a 4500
003
OSt
005
20211229155207.0
008
211229b |||||||| |||| 00| 0 eng d
020
_a
108177224190
040
_c
HU
082
_a
005.2762
100
_a
Mann D.Kito
_9
26165
245
_a
Java Server Faces in Action
942
_2
ddc
_c
BOOKS
_n
0
999
_c
25094
_d
25094